Percepción de niñas participantes del proyecto Hogar Comunitario, respecto a las implicancias de los buenos tratos en taller de danza /

La presente investigación, pretende dar cuenta de las percepción de las niñas participantes del taller de danza, impartido dentro del proyecto Hogar Comunitario, de Fundación Educacional Cristo Joven, en Lo Hermida Peñalolén, quienes fueron entrevistadas, con el objetivo de conocer las implicancias...

Full description

Bibliographic Details
Main Author: Roa Rivas, Valentina
Other Authors: Herrera Ponce, Paulina (profesor guía), Contreras San Juan, Mauricio (profesor guía)
Format: Tesis
Language:Spanish
Published: Santiago, Chile Universidad Academia de Humanismo Cristiano 2017
Subjects:

MARC

LEADER 00000cam a2200000 a 4500
001 000334
003 UAHC_CL
005 20230717143254.0
008 170712s2017 cl 000 spa
040 |a UAHC_CL  |c UAHC_CL  |d UAHC_CL 
100 1 |a Roa Rivas, Valentina 
245 1 0 |a Percepción de niñas participantes del proyecto Hogar Comunitario, respecto a las implicancias de los buenos tratos en taller de danza /  |c Valentina Roa, profesor guía Paulina Herrera, profesor informante Mauricio Contreras. 
260 |b Universidad Academia de Humanismo Cristiano  |c 2017  |a Santiago, Chile 
300 |a 1 cd rom 
500 |a Tesis para optar al título de psicólogo y al grado de Licenciado en Psicología. 
502 |a Tesis (Psicólogo) -- Universidad Academia de Humanismo Cristiano, 2017. 
516 |a Tesis electrónica (PDF) 
520 |a La presente investigación, pretende dar cuenta de las percepción de las niñas participantes del taller de danza, impartido dentro del proyecto Hogar Comunitario, de Fundación Educacional Cristo Joven, en Lo Hermida Peñalolén, quienes fueron entrevistadas, con el objetivo de conocer las implicancias que esta instancia socio-educativa pudo brindarles, o no, tanto en relación al buen trato tanto a sí mismas, como con el grupo de participantes, y en cuanto a la comunidad a la cual pertenecen. De modo que, se consideran como referentes teóricos, el enfoque de derechos, el buen trato, la infancia desde un contexto sociocultural, considerando además, que estas instancias son socio-educativas, lo cual implica salir de la formalidad de la escuela tradicional, dando paso a la presentación del concepto de educación no formal. En este sentido, el hecho de propiciar instancias socio-educativas que se impliquen en la educación de las niñas y los niños, desde el trabajar desde ciertos valores pro-sociales, ofrece la posibilidad de comprenderse tanto a sí mismas/os, con las/os demás, y en relación a la comunidad de la cual forman parte. Al mismo tiempo, cabe señalar que las habilidades socio-afectivas son consideradas factores protectores dentro de la educación, permitiendo crear contextos bien tratante, y de desenvolvimiento colectivo por medio del respeto y la comunicación, donde se implica la creación a través de la danza, como sucede en este caso de taller dado durante el año dos mil dieciséis, lo cual sirve como respaldo teórico y empírico, de la metodología e investigación llevadas a cabo en la presente investigación. 
650 4 |a SOCIOLOGIA DE LA EDUCACION 
650 4 |a DANZA  |x ASPECTOS SOCIALES  |z CHILE 
653 |a PSICOLOGIA 
700 1 |a Herrera Ponce, Paulina  |e profesor guía 
700 1 |a Contreras San Juan, Mauricio  |e profesor guía 
900 |a TPSICO 706 
942 |c TS 
952 |0 0  |1 0  |4 0  |6 TPSICO_706_000000000000000  |7 0  |8 Referencia  |9 88623  |a BC  |b BC  |c Referencia  |d 2017-08-15  |l 0  |o TPSICO 706  |p 3559  |r 2019-01-08 00:00:00  |t 1  |w 2017-08-15  |y BK 
999 |c 49703  |d 49703